LEADER 00903nam0 2200289 i 450 001 996444842303316 005 20211125123749.0 010 $a978-88-290-0313-6 100 $a20201123d2020----||||0itac50 ba 101 $aita 102 $aIT 200 1 $a<> progettazione educativa in ambito sanitario e sociale$fa cura di Natascia Bobbo e Barbara Moretto 210 1 $aRoma$cCarocci$d2020 215 $a225 p.$d22 cm 225 2 $aStudi superiori$v1243 410 0$aStudi superiori$v1243 606 0 $aEducatori professionali$xIstruzione professionale$2BNCF 676 $a361.307155 702 1$aMORETTO,$bBarbara 702 1$aBOBBO,$bNatascia 801 0$aIT$bcba$bcba$gREICAT 912 $a996444842303316 951 $aII.4. 1972$b275918 L.M.$cII.4.$d547307 959 $aBK 969 $aUMA 996 $aProgettazione educativa in ambito sanitario e sociale$92425507 997 $aUNISA